Fair competition and fair gain (Record no. 85084)

MARC details
000 -LEADER
fixed length control field 00994cab a22002535a 4500
001 - CONTROL NUMBER
control field L159961
008 - FIXED-LENGTH DATA ELEMENTS--GENERAL INFORMATION
fixed length control field 150113e2016 xxk 000 0 eng d
035 ## - SYSTEM CONTROL NUMBER
System control number (Sirsi) u159961
041 0# - LANGUAGE CODE
Language code of text/sound track or separate title eng
050 ## - LIBRARY OF CONGRESS CALL NUMBER
Classification number 333.0062 $2 18
100 1# - MAIN ENTRY--PERSONAL NAME
Personal name Bolton King, Peter
245 00 - TITLE STATEMENT
Title Fair competition and fair gain
Medium [electronic resource]
260 ## - PUBLICATION, DISTRIBUTION, ETC.
Place of publication, distribution, etc. London
Name of publisher, distributor, etc. RICS
Date of publication, distribution, etc. 2016
490 ## - SERIES STATEMENT
Series statement RICS Building Surveying Journal
Volume/sequential designation December 2016 - January 2017, 16-17(2)
520 ## - SUMMARY, ETC.
Summary, etc. Considers the need for ethics and answers questions about the International Ethics Standards Coalition.
650 24 - SUBJECT ADDED ENTRY--TOPICAL TERM
Topical term or geographic name entry element INTERNATIONAL ETHICS STANDARDS
650 24 - SUBJECT ADDED ENTRY--TOPICAL TERM
Topical term or geographic name entry element INTERNATIONAL ETHICS STANDARDS COALITION
650 24 - SUBJECT ADDED ENTRY--TOPICAL TERM
Topical term or geographic name entry element PROFESSIONAL CONDUCT
650 24 - SUBJECT ADDED ENTRY--TOPICAL TERM
Topical term or geographic name entry element ETHICS
651 #4 - SUBJECT ADDED ENTRY--GEOGRAPHIC NAME
Geographic name International
690 ## - LOCAL SUBJECT ADDED ENTRY--TOPICAL TERM (OCLC, RLIN)
Topical term or geographic name as entry element MANAGEMENT-BUSINESS MANAGEMENT-PROFESSIONAL PRACTICE
856 40 - ELECTRONIC LOCATION AND ACCESS
Uniform Resource Identifier <a href="https://www.rics.org/Global/Building_Surveying_Journal_December_2016_January_2017.pdf">https://www.rics.org/Global/Building_Surveying_Journal_December_2016_January_2017.pdf</a>
Public note View the article free of charge at www.rics.org...
942 ## - ADDED ENTRY ELEMENTS (KOHA)
Suppress in OPAC 0
Holdings
Withdrawn status Lost status Source of classification or shelving scheme Damaged status Not for loan Home library Current library Shelving location Date acquired Total Checkouts Full call number Barcode Date last seen Copy number Price effective from Koha item type
    Dewey Decimal Classification     London London Journal article 12/04/2018   L159961 159961-1001 06/08/2019 1 06/08/2019 Journal article